000 00582nam a22002057a 4500
003 UA-OsUOA
001 41557
007 ta
008 20080919b un ||||| |||| 00| 0 ukr d
090 _a27
942 _cBR
040 _aUA-OsUOA
_beng
_cUA-OsUOA
_dUA-OsUOA
245 _aUkraine -- a Christian Nation.
955 _a4
041 _aeng
080 _a27
246 3 1 _a40-ий міжнародний евхаристійний конгрес в Австраліїю
650 7 _a27 Загальна історія Християнської церкви
_2UDC
999 _c440057
_d440057